States per Letter Quiz Stats

 Plays Quiz Updated Mar 18, 2020

Support Sporcle.
Go Orange.
Score 0/19 Timer 01:30
76 Plays Today
Letter State % Correct
AAlaska, Alabama, Arizona, Arkansas
98.3%
CCalifornia, Colorado, Connecticut
94.6%
IIdaho, Illinois, Indiana, Iowa
86.8%
DDelaware
85.9%
GGeorgia
85.6%
NNebraska, Nevada, New Hampshire, New Jersey, New Mexico, New York, North Carolina, North Dakota
85%
FFlorida
85%
MMaine, Maryland, Massachusetts, Michigan, Minnesota, Mississippi, Missouri, Montana
84.4%
KKansas, Kentucky
83.1%
OOhio, Oklahoma, Oregon
80.4%
Letter State % Correct
HHawaii
75.6%
LLouisiana
69.9%
RRhode Island
59.8%
PPennsylvania
59.7%
TTennessee, Texas
58%
WWashington, West Virginia, Wisconsin, Wyoming
57.6%
UUtah
55.7%
VVirginia, Vermont
55.6%
SSouth Carolina, South Dakota
47.6%

From the Vault

Harry Potter Locations

by Hejman

Movies 5m
Let's take a tour of the magical world of Harry Potter.
Remove Ads.
Support Sporcle.
Get the best of Sporcle when you Go Orange. This ad-free experience offers more features, more stats, and more fun while also helping to support Sporcle. Thank you for becoming a member.

Show Comments

Extras

Top Quizzes Today


Score Distribution

Your Account Isn't Verified!

In order to create a playlist on Sporcle, you need to verify the email address you used during registration. Go to your Sporcle Settings to finish the process.

Report this User

Report this user for behavior that violates our Community Guidelines.

Details: